zpět

Detail výsledku týmu

U Lucerny ST, Brno

Datum a čas kvízu

35.5 Celkem bodů Celkový počet nahraných bodů na tomto kvízu bez doplňovacích otázek.
6. Pořadí na kvízu Konečné umístění týmu na tomto kvízu.

Zaznamenané odpovědi

# Otázka Odpověď Body Výsledky
1. Koronavirus dorazil i do Posla... Karla Šlechtová 1
2. Premiér jisté země minulý týde... Japonsko 1
3. Minulý týden byl odhalen trail... Batman 1
4. Ve čtvrtek nabízela jedna spol... Huawei 0
5. Slavná tenisová dvojčata Mike... Bryanovi 1
6. V tomto tématu se podíváme na... (druhá) punská válka 1
7. V roce 1792 u Valmy porazila f... Prusko 1
8. Jak se jmenoval americký gener... Robert Edward Lee 1
9. Německo poprvé ve velkém měřít... Ypry / Ypres 1
10. Cílem této vojenské operace v... Ofenzíva Tet 0